000
00311nam a2200145Ia 4500
999
_c
14020
_d
14020
003
OSt
005
20260328092614.0
008
260210s9999 xx 000 0 und d
020
_a
9787560973708
082
_a
711
100
_a
HKPIP
245
0
_a
Public Landscape
260
_b
China Press
942
_c
PG
_2
ddc